000 00863cam a2200313 a 4500
999 _c8330
_d8330
001 8330
003 BD-JhCC
005 20180712122330.0
008 010412s1998 gw b 001 0 eng
020 _a9971512505
035 _a(BD-JhCC)8330
040 _aDLC
_cDLC
_dDLC
_dBD-JhCC
041 _aeng
050 0 0 _aQC174.12
_b.D59 2001
082 0 0 _a530.12
_221
_bJAC 1998
100 1 _aJackson, John David
245 1 0 _aClassical electrodynamics /
_cJ.D. Jackson
250 _a3rd ed.
260 _aBerlin ;
_aNew York :
_bSpringer,
_c1998
300 _a808 p. :
_c22 cm.
_bill. ;
440 0 _aAdvanced texts in physics,
504 _aIncludes bibliographical references and index.
650 0 _aQuantum theory.
650 0 _aNonlinear theories.
650 0 _aHamiltonian systems.
650 0 _aPath integrals.
942 _2ddc
_cBK